000 00308nam a22001217a 4500
008 170906b xxu||||| |||| 00| 0 eng d
041 _aeng
080 _a72
100 _a41
101 _aARK
245 _aCONSTRUCTION DETAIL BANKING SYSTEMATIC STORAGE AND RETREIEVAL
_cBENNET.P.M
942 _2udc
_cBK
999 _c26361
_d26361